Drawing (Record no. 236298)
[ view plain ]
| 000 -LEADER | |
|---|---|
| fixed length control field | 01572nam a2200301 a 4500 |
| 100 1# - MAIN ENTRY--AUTHOR NAME | |
| Personal name | Cain, Patricia. |
| 245 10 - TITLE STATEMENT | |
| Title | Drawing |
| 260 ## - PUBLICATION, DISTRIBUTION, ETC. (IMPRINT) | |
| Place of publication | Bristol, U.K. : |
| Name of publisher | Intellect, |
| Year of publication | 2010. |
| 300 ## - PHYSICAL DESCRIPTION | |
| Number of Pages | 294 p. : |
| Other physical details | ill. |
| 505 0# - FORMATTED CONTENTS NOTE | |
| Formatted contents note | pt. 1. Theorising about thinking and drawing : the limitations of theory-led research to the practitioner -- pt. 2. The first phase of methodology : using the experience of others as subject : the limitations of a third person methodology -- pt. 3. The second phase of methodology : using my own experience as the subject of a first person enquiry : about the nature and form of knowledge that emerges from the experience of drawing. |
| 650 #0 - SUBJECT ADDED ENTRY--TOPICAL TERM | |
| Topical Term | Drawing |
| Topical Term | Drawing, Psychology of. |
| 856 40 - ELECTRONIC LOCATION AND ACCESS | |
| Uniform Resource Identifier | http://site.ebrary.com/lib/rucke/Doc?id=10421927 |
No items available.
